| 000 | 00485nam a2200181Ia 4500 | ||
|---|---|---|---|
| 001 | 10949 | ||
| 005 | 20260306161910.0 | ||
| 008 | 260306t2005||||xx |||||||||||||| ||spa|| | ||
| 041 | _aESP | ||
| 082 |
_a984 _bE77 |
||
| 100 |
_aEscobari de Querejazu, Laura _eAUT |
||
| 245 | 0 |
_aCaciques, yanaconas y extravagantes: _bla sociedad colonial en Charcas s. XVI-XVII |
|
| 260 | _c2005 | ||
| 300 |
_a307 páginas : _c22 cm. |
||
| 650 | _aGEN | ||
| 654 | _aCHU | ||
| 942 |
_cLIB _dJUS _fJUS _2ddc _n |
||
| 999 |
_c10949 _d10949 |
||